PHOTO VOLTAIC TECHNOLOGY (SOLAR CELL FABRICATION) ,13-22 MAY, 1990 INTERNATIONAL SYMPOSIUM - WORKSHOP (Record no. 585520)
[ view plain ]
| 000 -LEADER | |
|---|---|
| fixed length control field | 00337nam a22001097a 4500 |
| 082 ## - DEWEY DECIMAL CLASSIFICATION NUMBER | |
| Classification number | 621.47 PHO'M |
| 100 ## - MAIN ENTRY--PERSONAL NAME | |
| Personal name | MUFTI, DR. ATIQUE |
| 9 (RLIN) | 80621 |
| 245 ## - TITLE STATEMENT | |
| Title | PHOTO VOLTAIC TECHNOLOGY (SOLAR CELL FABRICATION) ,13-22 MAY, 1990 INTERNATIONAL SYMPOSIUM - WORKSHOP |
| 260 ## - PUBLICATION, DISTRIBUTION, ETC. | |
| Place of publication, distribution, etc. | ISLAMABAD |
| Name of publisher, distributor, etc. | NATIONAL INSTITUTE |
| Date of publication, distribution, etc. | 1990 |
| 300 ## - PHYSICAL DESCRIPTION | |
| Extent | V-2 |
| 942 ## - ADDED ENTRY ELEMENTS (KOHA) | |
| Koha item type | Book |
| Withdrawn status | Lost status | Damaged status | Not for loan | Permanent Location | Current Location | Shelving location | Date acquired | Total Checkouts | Full call number | Barcode | Date last seen | Price effective from | Koha item type |
|---|---|---|---|---|---|---|---|---|---|---|---|---|---|
| College of Electrical & Mechanical Engineering (CEME) | College of Electrical & Mechanical Engineering (CEME) | General Stacks | 07/10/2017 | 621.47 PHO'M | CEME-24223 | 06/28/2021 | 06/28/2021 | Book |
